Private practice, public payment : (Record no. 4006)

MARC details
000 -LEADER
fixed length control field 01142cam a2200301 a 4500
001 - CONTROL NUMBER
control field 1482350
003 - CONTROL NUMBER IDENTIFIER
control field OSt
005 - DATE AND TIME OF LATEST TRANSACTION
control field 20230731100926.0
008 - FIXED-LENGTH DATA ELEMENTS--GENERAL INFORMATION
fixed length control field 870327s1986 onc b 001 0 eng
010 ## - LIBRARY OF CONGRESS CONTROL NUMBER
LC control number 87126524
020 ## - INTERNATIONAL STANDARD BOOK NUMBER
International Standard Book Number 0773505571
020 ## - INTERNATIONAL STANDARD BOOK NUMBER
International Standard Book Number 0773505687 (pbk.)
040 ## - CATALOGING SOURCE
Original cataloging agency DLC
Transcribing agency DLC
Modifying agency DLC
043 ## - GEOGRAPHIC AREA CODE
Geographic area code n-cn---
082 00 - DEWEY DECIMAL CLASSIFICATION NUMBER
Classification number 368.4/2/00971
Edition number NAY
100 1# - MAIN ENTRY--PERSONAL NAME
Personal name Naylor, C. David
Fuller form of name (Christopher David),
Dates associated with a name 1954-
245 10 - TITLE STATEMENT
Title Private practice, public payment :
Remainder of title Canadian medicine and the politics of health insurance, 1911-1966 /
Statement of responsibility, etc. C. David Naylor.
260 ## - PUBLICATION, DISTRIBUTION, ETC. (IMPRINT)
Place of publication, distribution, etc. Kingston :
Name of publisher, distributor, etc. McGill-Queen's University Press,
Date of publication, distribution, etc. c1986.
300 ## - PHYSICAL DESCRIPTION
Extent xii, 324 p. ;
Dimensions 24 cm.
500 ## - GENERAL NOTE
General note Includes index.
504 ## - BIBLIOGRAPHY, ETC. NOTE
Bibliography, etc Bibliography: p. [259]-303.
650 #0 - SUBJECT ADDED ENTRY--TOPICAL TERM
Topical term or geographic name as entry element Physicians
General subdivision Political activity
Geographic subdivision Canada
General subdivision History
Chronological subdivision 20th century.
650 #0 - SUBJECT ADDED ENTRY--TOPICAL TERM
Topical term or geographic name as entry element Health insurance
General subdivision Government policy
Geographic subdivision Canada
General subdivision History
Chronological subdivision 20th century.
650 #0 - SUBJECT ADDED ENTRY--TOPICAL TERM
Topical term or geographic name as entry element Pressure groups
Geographic subdivision Canada
General subdivision History
Chronological subdivision 20th century.
856 42 - ELECTRONIC LOCATION AND ACCESS
Materials specified Publisher description
Uniform Resource Identifier <a href="http://www.loc.gov/catdir/enhancements/fy1001/87126524-d.html">http://www.loc.gov/catdir/enhancements/fy1001/87126524-d.html</a>
906 ## - LOCAL DATA ELEMENT F, LDF (RLIN)
a 7
b cbc
c orignew
d 3
e ncip
f 19
g y-gencatlg
942 ## - ADDED ENTRY ELEMENTS (KOHA)
Source of classification or shelving scheme Dewey Decimal Classification
Koha item type Books
Holdings
Withdrawn status Lost status Source of classification or shelving scheme Damaged status Not for loan Home library Current library Date acquired Total Checkouts Full call number Barcode Date last seen Price effective from Koha item type
    Dewey Decimal Classification     County Hall Archives County Hall Archives 07/31/2023   368.4/2/00971 1000828 07/31/2023 07/31/2023 Books
LIBRARY OPENING HOURS

When the Parliament is sitting: 8.00a.m - 7.00p.m or until the house adjourns
Mondays and Fridays and when the House is on Recess:  8.00a.m - 5.00p.m
Closed on Weekends and Public Holidays

Online Public Access Catalog (OPAC)
Website: http://www.parliament.go.ke
Bunge Library: https://libraryir.parliament.go.ke
Contact: library@parliament.go.ke | Tel no: (254-2)2221291 or 2848000 Ext 5043